Borussia Mönchengladbach Squad 2020-2021 - Statistics

General Stats
  • This quiz has been taken 28 times
    17 since last reset
  • The average score is 18 of 34
Answer Stats
# Position Nation Player % Correct
1 GK Switzerland Yann Sommer
100%
10 FW France Marcus Thuram
93%
14 FW France Alassane Pléa
86%
13 FW Germany Lars Stindl
86%
25 DF Algeria Ramy Bensebaini
86%
32 MF Germany Florian Neuhaus
79%
30 DF Switzerland Nico Elvedi
79%
18 DF Austria Stefan Lainer
79%
6 MF Germany Christoph Kramer
71%
8 MF Switzerland Denis Zakaria
71%
28 DF Germany Matthias Ginter
71%
36 FW Switzerland Breel Embolo
64%
11 MF Austria Hannes Wolf
64%
23 FW Germany Jonas Hofmann
64%
- Coach Germany Marco Rose
64%
17 DF Sweden Oscar Wendt
64%
7 FW Germany Patrick Herrmann
64%
21 GK Germany Tobias Sippel
57%
29 DF United States Joe Scally
50%
22 MF Slovakia László Bénes
50%
4 DF France Mamadou Doucouré
43%
24 DF Germany Tony Jantschke
43%
16 FW Guinea Ibrahima Traoré
36%
3 DF Switzerland Michael Lang
36%
40 DF Denmark Andreas Poulsen
29%
41 GK Germany Jan Jakob Olschowsky
29%
15 DF Germany Jordan Beyer
29%
19 MF Austria Valentino Lazaro
29%
43 MF Germany Rocco Reitz
21%
20 FW Paraguay Julio Villalba
7%
31 GK Germany Max Grün
7%
26 MF Germany Torben Müsel
7%
27 MF Portugal Famana Quizera
0%
33 DF Germany Kaan Kurt
0%
No matching quizzes found
Score Distribution
Percent of People with Each Score
Percentile by Number Answered
Your Score History
You have not taken this quiz since the last reset